| Tag |
First Indicator |
Second Indicator |
Subfields |
| LEADER |
00000cgm a2200000 i 4500 |
| 001 |
in00005568331 |
| 006 |
m o c |
| 007 |
cr |n||||||||a |
| 007 |
vz |za|z| |
| 008 |
180109s2016 azu091 e o vueng d |
| 005 |
20241201231830.8 |
| 035 |
|
|
|a (OCoLC)on1022761689
|
| 040 |
|
|
|a ALSTP
|b eng
|e rda
|e pn
|c ALSTP
|d OCLCO
|d OCLCF
|d CAUOI
|d INT
|d OCLCQ
|d WYU
|d S9I
|d OCLCQ
|d OCLCO
|d OCLCA
|d UPM
|d OCLCO
|d OCL
|d OCLCA
|d OCL
|d OCLCO
|d NUI
|d OCLCQ
|
| 019 |
|
|
|a 1373410565
|a 1430855407
|a 1443972998
|
| 035 |
|
|
|a (OCoLC)1022761689
|z (OCoLC)1373410565
|z (OCoLC)1430855407
|z (OCoLC)1443972998
|
| 049 |
|
|
|a TXAM
|
| 245 |
0 |
0 |
|a Utilization sobriety :
|b incorporating the essence of mind-body communication for brief individualized substance abuse treatment /
|c [with] Bart Walsh, MSW.
|
| 246 |
3 |
|
|a Brief therapy conference 2016.
|n Short course 10
|
| 246 |
3 |
|
|a BT16.
|n Short course 10
|
| 264 |
|
1 |
|a Phoenix, Arizona :
|b Milton H. Erickson Foundation,
|c 2016.
|
| 300 |
|
|
|a 1 online resource (91 min.)
|
| 306 |
|
|
|a 013050
|
| 336 |
|
|
|a two-dimensional moving image
|b tdi
|2 rdacontent
|
| 337 |
|
|
|a computer
|b c
|2 rdamedia
|
| 337 |
|
|
|a video
|b v
|2 rdamedia
|
| 338 |
|
|
|a online resource
|b cr
|2 rdacarrier
|
| 347 |
|
|
|a data file
|2 rda
|
| 380 |
|
|
|a Videorecording
|
| 490 |
0 |
|
|a Academic Video Online
|
| 500 |
|
|
|a Title from resource description page (viewed January 09, 2018).
|
| 511 |
0 |
|
|a Speaker: Bart Walsh.
|
| 520 |
|
|
|a This presentation poses a substance abuse treatment which acknowledges and accommodates the personal needs being addressed by substance use, bypasses perceived resistance, and employs idiosyncratic psycho-biological learning to achieve a body-mind gestalt complementary to the client's sobriety. Client self-empowerment and relapse prevention are built into the intervention. This method develops a safe framework for addressing any subsequent mental health themes directly or indirectly related to substance misuse. Ideomotor questioning is employed as a practical conduit to body-mind communication and function. Because this is a relatively new strategy, fundamental information applicable to all levels of professional experience will be provided. Educational Objectives: Describe the utilization principle as applied to psycho-biological learning. Demonstrate one brief approach to substance abuse treatment. Describe one application of ideomotor questioning.
|
| 546 |
|
|
|a In English.
|
| 650 |
|
0 |
|a Substance abuse
|x Treatment
|v Congresses.
|
| 650 |
|
0 |
|a Brief psychotherapy
|v Congresses.
|
| 650 |
|
0 |
|a Mind and body therapies
|v Congresses.
|
| 650 |
|
6 |
|a Polytoxicomanie
|x Traitement
|v Congrès.
|
| 650 |
|
6 |
|a Psychothérapie brève
|v Congrès.
|
| 650 |
|
6 |
|a Thérapies corporelles
|v Congrès.
|
| 650 |
|
7 |
|a Brief psychotherapy.
|2 fast
|0 (OCoLC)fst00838970
|
| 650 |
|
7 |
|a Mind and body therapies.
|2 fast
|0 (OCoLC)fst01022007
|
| 650 |
|
7 |
|a Substance abuse
|x Treatment.
|2 fast
|0 (OCoLC)fst01136830
|
| 655 |
|
4 |
|a Online media.
|
| 655 |
|
7 |
|a lectures.
|2 aat
|
| 655 |
|
7 |
|a Lectures.
|2 fast
|0 (OCoLC)fst01919935
|
| 655 |
|
7 |
|a Conference papers and proceedings.
|2 fast
|0 (OCoLC)fst01423772
|
| 655 |
|
7 |
|a Conference papers and proceedings.
|2 lcgft
|
| 655 |
|
7 |
|a Lectures.
|2 lcgft
|
| 655 |
|
7 |
|a Actes de congrès.
|2 rvmgf
|
| 655 |
|
7 |
|a Conférences.
|2 rvmgf
|
| 700 |
1 |
|
|a Walsh, Bart,
|e speaker.
|
| 710 |
2 |
|
|a Milton H. Erickson Foundation,
|e production company.
|
| 856 |
4 |
0 |
|u http://proxy.library.tamu.edu/login?url=https://www.aspresolver.com/aspresolver.asp?MARC;3837099
|z Connect to this streaming video (Alexander Street Press)
|t 0
|
| 955 |
|
|
|a Alexander Street Press subscription streaming video
|
| 994 |
|
|
|a 92
|b TXA
|
| 999 |
f |
f |
|s 1132d81c-de80-46d6-a705-fc8077775f8c
|i 16c3a644-a78b-496f-ab68-5b9bdb711072
|t 0
|
| 952 |
f |
f |
|a Texas A&M University
|b College Station
|c Electronic Resources
|d Available Online
|t 0
|h Library of Congress classification
|
| 998 |
f |
f |
|t 0
|l Available Online
|